LEADER 00955nam a2200229 i 4500 001 000000190788 003 CaOOAMICUS 005 20230613142909.0 008 100702s1910 it u000 u ita u 040 $aSeMil$bita 100 1 $aMajocchi, Rodolfo,$c.$0(OLS)http://semarc/name/79162 245 10$aS. Damiano Vescovo di Pavia /$cR. Maiocchi, A. Moiraghi. 264 1$aPavia :$bTip. Caio Rossetti,$c1910. 300 $a54, x p. ;$c33 cm. 500 $aContiene in allegato : 3H VI 4/A 600 04$aDamiano : di Pavia .$0(OLS)http://semarc/subject/52994 700 1 $aMoiraghi, Attilio.$0(OLS)http://semarc/name/18847 850 $aSeMil 852 $aSeMil$W1$xVenegono$y1$m3H VI 4$j141405$B141405$CSeMilBibl$Z2$F152949 $81 996 $6245$aS. Damiano Vescovo di Pavia$9(OLS)http://semarc/title/274901 996 $6264$aPavia :$bTip. Caio Rossetti$9(OLS)http://semarc/publisher/41341 LEADER 01425nam a2200241 i 4500 001 000000204078 003 CaOOAMICUS 005 20170223000000.0 008 170223s1890 it u000 u ita u 013 $a182795 040 $aSeMil$bita 245 10$aElenco generale dei personaggi componenti la Società degli Avvocati di S. Pietro :$bpreceduto da cenni storici sull'origine e lo sviluppo del sodalizio [per P. Moiraghi] e dal breve di Leone papa 13. 260 $aMilano :$bTipografia Eusebiana,$c1890. 300 $aXVIII, 86 p. ;$c24 cm. 500 $aAllegato in fine: Statuts del l'Ordre des avocats de Saint-Pierre et bref du souverain pontife Leon 13. (p. 8); Lettera del presidente dell'ordine P. Lautier; Regole della Società romana degli avvocati di San Pietro. 700 1 $aMoiraghi, Pietro.$0(OLS)http://semarc/name/15064 700 0 $aLeo XIII,$c.$0(OLS)http://semarc/name/553 850 $aSeMil 852 $aSeMil$W1$xVenegono$y1$m3R IV 3 FA$j154572$B154572$CSeMilBibl$Z2$F165400 $8I 900 0 $aLeone XIII$c. 996 $6245$aElenco generale dei personaggi componenti la Società degli Avvocati di S. Pietro :$bpreceduto da cenni storici sull'origine e lo sviluppo del sodalizio [per P. Moiraghi] e dal breve di Leone papa 13$9(OLS)http://semarc/title/409469 996 $6260$aMilano :$bTipografia Eusebiana$9(OLS)http://semarc/publisher/31928